Statistiques concernant Cuzco - Culture générale

Cliquez ici pour prendre le quiz!

Statistiques générales

  • Ce quiz a été pris 124 fois
  • Le résultat moyen est 9 sur 15

Statistiques - réponses

InformationRéponse% Correct
Pays dans lequel se trouve Cuzco aujourd'huiPérou
96%
Chaîne de montagnes qui passe par làAndes
91%
Autre ville du pays qui, elle compte plus de 8'000'000 d'habitantsLima
90%
Ancienne civilisation qui construisit la villeIncas
87%
Grand temple voué au culte d'un dieu "astral" et album de TintinTemple du {Soleil}
83%
Citadelle en ruine au pied d'une montagne et l'une des 7 nouvelles merveilles du mondeMachu Picchu
81%
Ressource minière très exploitée et utilisée pour enjoliver la villeOr
74%
Langue amérindienne parlée encore aujourd'hui dans la régionQuechua
58%
Statut que celle-ci avait pour euxCapitale
54%
Révolutionnaire indigène qui a inspiré un rappeur new-yorkais nommé ShakurTupac Amaru
50%
Félin des montagnes dont la vieille ville imite la formePuma
47%
Signification de la ville (basée sur une partie du corps){Nombril} du monde
41%
Conquistador espagnol qui mit à sac Cuzco en 1534Francisco Pizarro
32%
Place centrale de la ville depuis ces débutsPlace des {Armes}
19%
Premier empereur à diriger depuis CuzcoPachacútec
5%

Distribution des résultats

Percentile par nombre de réponses

% des personnes avec chaque résultat

Votre développement - résultats

Vous n’avez pas pris ce quiz